This Is Us Cast - Statistics

General Stats
  • This quiz has been taken 124 times
  • The average score is 4 of 8
Answer Stats
Character Actor % Correct
Rebecca Mandy Moore
95%
Jack Milo Ventimiglia
64%
Randall Sterling K. Brown
63%
Kate Chrissy Metz
61%
Kevin Justin Hartley
55%
Toby Chris Sullivan
30%
Beth Susan Kelechi Watson
22%
William Ron Cephas Jones
20%
No matching quizzes found
Score Distribution
Percent of People with Each Score
Percentile by Number Answered
Your Score History
You have not taken this quiz